[Event "XXVII OOM - Mistrzostwa Polski Juniorow Mlodszych - Chlopcy do lat 14"]
[Site "ApartHotel Termy Uniejow, ul. Termalna 1, 99-210 Uniejow"]
[Date "1899-12-30"]
[Round "8.2"]
[White "Fiszer, Bartosz"]
[Black "Malek, Jan"]
[Result "0-1"]
[WhiteTitle "CM"]
[BlackTitle "I++"]
[WhiteElo "2216"]
[BlackElo "2097"]

1. e4 e5 2. Nf3 Nc6 3. Bb5 a6 4. Ba4 Nf6 5. O-O Be7 6. Re1 b5 7. Bb3 d6 8. c3 O-O
9. h3 Na5 10. Bc2 d5 11. d4 dxe4 12. Nxe5 c5 13. Be3 Bb7 14. Nd2 Rc8 15. Qb1 cxd4
16. cxd4 Bb4 17. Rd1 Re8 18. a3 Bf8 19. b3 Bd5 20. Qb2 Qc7 21. Rac1 Qb8 22. Bg5
Qa7 23. b4 Nc6 24. Bxf6 gxf6 25. Nxe4 fxe5 26. Nf6+ Kh8 27. Nxd5 Nxd4 28. Be4
f5 29. Rxc8 Rxc8 30. Bb1 Bg7 31. Ne3 e4 32. Kh1 Qb6 33. Rc1 Rd8 34. Qa2 Qd6 35.
Qf7 Qg6 36. Qxg6 hxg6 37. Ba2 Kh7 38. Nd5 Kh6 39. g3 Rd6 40. Kg2 Nc6 41. Rc2 Ne5
42. Rc7 Nd3 43. Ne7 Ne1+ 44. Kh1 Rd1 45. h4 Bd4 46. Bb3 Rb1 47. Bc2 Rc1 48. Nxf5+
gxf5 49. Rc6+ Kh5 50. Bxe4 Nd3+ 51. Rxc1 Nxc1 52. Bxf5 Bb2 53. Bc8 Nb3 54. Bxa6
Nd4 55. Kg2 Bxa3 56. Kh3 Bxb4 57. g4+ Kg6 58. g5 Kf5 59. Bc8+ Kf4 60. Kg2 Bd6
61. g6 Bf8 62. Kf1 b4 63. Ba6 Bh6 64. h5 Kg4 65. Bd3 Kxh5 66. Ke1 Kg4 67. Bc4
b3 68. Ba6 b2 69. Bd3 Kf3 70. Kf1 Nb3 71. Ke1 Nc5 72. Bc2 Ne4 73. Bd1+ Kf4 74.
Bc2 Ke5 75. Ke2 Kd4 76. Kf3 Nd2+ 77. Kg4 Kc3 78. Bf5 Bg7 79. f4 Nc4 80. Kg5 Na3
0-1

[Event "XXVII OOM - Mistrzostwa Polski Juniorow Mlodszych - Chlopcy do lat 14"]
[Site "ApartHotel Termy Uniejow, ul. Termalna 1, 99-210 Uniejow"]
[Date "1899-12-30"]
[Round "8.3"]
[White "Rog, Bartlomiej"]
[Black "Janeczko, Jakub"]
[Result "1-0"]
[WhiteTitle "I++"]
[BlackTitle "I++"]
[WhiteElo "1867"]
[BlackElo "1976"]

1. e4 c5 2. Nf3 e6 3. d4 cxd4 4. Nxd4 Nf6 5. Nc3 Nc6 6. Ndb5 Bc5 7. Bf4 O-O 8.
Bc7 Qe7 9. Bd6 Bxd6 10. Qxd6 Qd8 11. O-O-O Qb6 12. Qg3 Qc5 13. Nd6 a6 14. f4 Nh5
15. Qf3 Nd4 16. Rxd4 Qxd4 17. Nxc8 g6 18. g4 Ng7 19. Ne7+ Kh8 20. h4 Rae8 21.
f5 f6 22. Nxg6+ hxg6 23. fxg6 Kg8 24. h5 f5 25. h6 fxg4 26. Qd3 e5 27. hxg7 Kxg7
28. Qg3 Re6 29. Qh4 Kxg6 30. Qh5+ Kg7 31. Qh7+ Kf6 32. Nd5+ Kg5 33. Rh5# 1-0

[Event "XXVII OOM - Mistrzostwa Polski Juniorow Mlodszych - Chlopcy do lat 14"]
[Site "ApartHotel Termy Uniejow, ul. Termalna 1, 99-210 Uniejow"]
[Date "1899-12-30"]
[Round "8.4"]
[White "Madej, Marek"]
[Black "Kutowski, Marcel"]
[Result "1-0"]
[WhiteTitle "I"]
[BlackTitle "I"]
[WhiteElo "1786"]
[BlackElo "1712"]

1. e4 c5 2. Nc3 d6 3. Nge2 Nf6 4. g3 g6 5. d4 cxd4 6. Nxd4 Bg7 7. Bg2 O-O 8. O-O
Bd7 9. Nde2 Nc6 10. h3 Be6 11. b3 Qd7 12. Kh2 Rfd8 13. f4 d5 14. e5 Ne8 15. Nd4
Nxd4 16. Qxd4 f6 17. Bb2 fxe5 18. fxe5 Nd6 19. g4 Nf7 20. Rae1 Rac8 21. Rf2 Rc6
22. Rd2 Qc7 23. Nb5 Qa5 24. Qd3 a6 25. Nd4 Nxe5 26. Qe3 Rcd6 27. Kh1 Bf7 28. Rf2
e6 29. Ref1 R6d7 30. Nxe6 Bxe6 31. Bxe5 d4 32. Bxd4 Bxd4 33. Qxe6+ Kh8 34. Rf8+
Kg7 35. R1f7+ Kh6 36. Rxd7 Rxf8 37. Rxd4 Qc5 38. Qe3+ g5 39. Re4 Qc8 40. Re6+
Kg7 41. Qxg5+ Kh8 42. Qe5+ 1-0

[Event "XXVII OOM - Mistrzostwa Polski Juniorow Mlodszych - Chlopcy do lat 14"]
[Site "ApartHotel Termy Uniejow, ul. Termalna 1, 99-210 Uniejow"]
[Date "1899-12-30"]
[Round "8.5"]
[White "Maslanka, Wojciech"]
[Black "Wiatrowski, Zbigniew"]
[Result "0-1"]
[WhiteTitle "I"]
[BlackTitle "I"]
[WhiteElo "1943"]
[BlackElo "1860"]

1. e4 c5 2. Nf3 Nc6 3. Nc3 g6 4. d4 cxd4 5. Nxd4 Bg7 6. Be3 d6 7. Qd2 Nf6 8. f3
O-O 9. O-O-O d5 10. Nxc6 bxc6 11. Bh6 Qa5 12. Bxg7 Kxg7 13. exd5 cxd5 14. Nxd5
Qxa2 15. Qc3 Be6 16. Bc4 Qa1+ 17. Kd2 Qa4 18. b3 Qc6 19. Kc1 Rfd8 20. Ne3 Rdc8
21. g4 Kg8 22. g5 Nh5 23. Ng4 Ng7 24. Ne5 Qc5 25. h4 a5 26. h5 gxh5 27. Rd4 a4
28. Rhd1 Nf5 29. R4d3 Nd6 30. g6 Bxc4 31. gxh7+ Kxh7 32. bxc4 Nxc4 33. Nxf7 Ne3
34. Ng5+ Qxg5 0-1

[Event "XXVII OOM - Mistrzostwa Polski Juniorow Mlodszych - Chlopcy do lat 14"]
[Site "ApartHotel Termy Uniejow, ul. Termalna 1, 99-210 Uniejow"]
[Date "1899-12-30"]
[Round "8.6"]
[White "Paszkowski, Krystian"]
[Black "Herwy, Jakub"]
[Result "1/2-1/2"]
[WhiteTitle "I+"]
[BlackTitle "I+"]
[WhiteElo "1782"]
[BlackElo "1916"]

1. e4 c5 2. Nf3 e6 3. g3 a6 4. Bg2 Qc7 5. O-O d6 6. Re1 Nc6 7. c3 g6 8. d4 Bg7
9. Be3 b6 10. e5 d5 11. dxc5 bxc5 12. Bxc5 Nxe5 13. Nxe5 Qxc5 14. c4 Ne7 15. Qa4+
Kf8 16. Nc3 Bxe5 17. Rxe5 Qd4 18. Re2 Rb8 19. cxd5 Qxa4 20. Nxa4 Nxd5 21. Rd1
Nf6 22. Rc2 Bb7 23. Nc5 Bc8 24. Rd6 Ke7 25. Rd4 Rd8 26. Rxd8 Kxd8 27. Kf1 Rb6
28. Ke2 e5 29. Nd3 Bf5 30. Rd2 Bxd3+ 1/2-1/2

[Event "XXVII OOM - Mistrzostwa Polski Juniorow Mlodszych - Chlopcy do lat 14"]
[Site "ApartHotel Termy Uniejow, ul. Termalna 1, 99-210 Uniejow"]
[Date "1899-12-30"]
[Round "8.7"]
[White "Duda, Szymon"]
[Black "Musial, Igor"]
[Result "0-1"]
[WhiteTitle "I"]
[BlackTitle "I"]
[WhiteElo "1413"]
[BlackElo "1903"]

1. e4 c5 2. Nf3 d6 3. d4 cxd4 4. Nxd4 Nf6 5. Nc3 a6 6. Bg5 e6 7. Qd2 Be7 8. O-O-O
Qc7 9. f4 Nbd7 10. Kb1 b5 11. a3 Bb7 12. Bd3 h6 13. Bh4 Nc5 14. e5 dxe5 15. fxe5
Nfe4 16. Nxe4 Nxe4 17. Bxe4 Bxe4 18. Bxe7 Qxe7 19. Rhf1 O-O 20. Qf4 Bg6 21. Nc6
Qc5 22. Nb4 a5 23. Nd3 Qc7 24. Rf2 Rfd8 25. h4 Rab8 26. Qg3 b4 27. axb4 axb4 28.
Kc1 Bxd3 29. Rxd3 Rxd3 30. Qxd3 Qxe5 31. Re2 Qf4+ 32. Qe3 Qxh4 33. g3 Qh1+ 34.
Re1 Qa8 35. Kb1 Qa4 36. b3 Qa6 37. Qe5 Ra8 38. Re4 Qa2+ 39. Kc1 Rc8 40. Qb2 Qa6
41. Qd4 Qf1+ 42. Kb2 Ra8 43. c3 Qa1+ 44. Kc2 Ra2+ 45. Kd3 Qf1+ 46. Ke3 Qf2+ 47.
Kd3 Rd2+ 48. Kc4 Rxd4+ 49. Rxd4 bxc3 50. Kxc3 Qxg3+ 51. Kc4 Kf8 52. b4 Qc7+ 53.
Kb5 Ke7 54. Ka6 e5 55. Rd1 Qc2 56. Ra1 Qc6+ 57. Ka7 Qb5 58. Rb1 e4 59. Rb3 Qa4+
60. Kb6 Qxb3 0-1

[Event "XXVII OOM - Mistrzostwa Polski Juniorow Mlodszych - Chlopcy do lat 14"]
[Site "ApartHotel Termy Uniejow, ul. Termalna 1, 99-210 Uniejow"]
[Date "1899-12-30"]
[Round "8.8"]
[White "Nowak, Filip"]
[Black "Pancewicz, Szymon"]
[Result "0-1"]
[WhiteTitle "I"]
[BlackTitle "I+"]
[WhiteElo "1745"]
[BlackElo "1872"]

1. e4 c5 2. Nf3 e6 3. d4 cxd4 4. Nxd4 Nc6 5. Nc3 Qc7 6. Be2 a6 7. O-O Nf6 8. Be3
Be7 9. f4 d6 10. Qe1 O-O 11. Qg3 Nxd4 12. Bxd4 b5 13. a3 Bb7 14. Kh1 Bc6 15. Rae1
Rad8 16. Bf3 g6 17. Nd1 Qb7 18. Nf2 a5 19. c3 Ne8 20. Ng4 h5 21. Nf2 Ng7 22. Bxg7
h4 23. Qg4 Kxg7 24. Nd3 d5 25. Ne5 dxe4 26. Nxc6 Qxc6 27. Bxe4 Qc4 28. f5 exf5
29. Rxf5 Rd2 30. Ref1 Kg8 31. R5f4 Qe2 32. Qh3 Bg5 33. Rf5 Qxe4 34. Rxg5 Qf4 35.
Qf5 Qxf5 0-1

[Event "XXVII OOM - Mistrzostwa Polski Juniorow Mlodszych - Chlopcy do lat 14"]
[Site "ApartHotel Termy Uniejow, ul. Termalna 1, 99-210 Uniejow"]
[Date "1899-12-30"]
[Round "8.9"]
[White "Zalega, Maciej"]
[Black "Grot, Blazej"]
[Result "0-1"]
[WhiteTitle "I"]
[BlackTitle "CM"]
[WhiteElo "1841"]
[BlackElo "1786"]

1. e4 c5 2. Nf3 e6 3. d4 cxd4 4. Nxd4 Nc6 5. Nc3 Qc7 6. a3 a6 7. Be2 Nf6 8. O-O
Be7 9. Be3 O-O 10. Nb3 d6 11. f4 Rd8 12. Na4 Nd7 13. c4 Bf6 14. Rc1 Nc5 15. Naxc5
dxc5 16. Qc2 Bd4 17. Bxd4 Nxd4 18. Nxd4 Rxd4 19. e5 b6 20. Rcd1 Bb7 21. Rxd4 cxd4
22. Bd3 g6 23. Qf2 Rd8 24. h3 Qc6 25. Kh2 h5 26. Rg1 Qa4 27. g4 Qb3 28. Qe2 hxg4
29. Rxg4 Kg7 30. Rg3 Qa4 31. Qe1 Rh8 32. Qb1 Rh6 33. Qe1 Qb3 34. Qd2 Qa4 35. Be2
Rh4 36. Bd3 Qc6 37. Qc1 Rxf4 38. Qg1 Rf2+ 0-1

[Event "XXVII OOM - Mistrzostwa Polski Juniorow Mlodszych - Chlopcy do lat 14"]
[Site "ApartHotel Termy Uniejow, ul. Termalna 1, 99-210 Uniejow"]
[Date "1899-12-30"]
[Round "8.10"]
[White "Wydmanski, Szymon"]
[Black "Maj, Samuel"]
[Result "1-0"]
[WhiteTitle "I"]
[BlackTitle "I"]
[WhiteElo "1697"]
[BlackElo "1670"]

1. c4 Nf6 2. Nc3 g6 3. g3 Bg7 4. Bg2 O-O 5. d3 d6 6. Rb1 c5 7. a3 a5 8. e4 Nc6
9. Nge2 e5 10. O-O Be6 11. Nd5 Nd4 12. Nxd4 exd4 13. b4 Bxd5 14. exd5 axb4 15.
axb4 Nd7 16. Bf4 Qc7 17. Qb3 Rfd8 18. Bh3 b6 19. Bxd7 Qxd7 20. Rfe1 Re8 21. bxc5
bxc5 22. Qb6 Bf8 23. Rxe8 Rxe8 24. Qc6 Qc8 25. Rb7 Re1+ 26. Kg2 Qf5 27. Qd7 Rd1
28. Qe8 Kg7 29. Rb8 Qxd3 30. Qxf8+ Kf6 31. Qxd6+ Kg7 32. Qe5+ 1-0

[Event "XXVII OOM - Mistrzostwa Polski Juniorow Mlodszych - Chlopcy do lat 14"]
[Site "ApartHotel Termy Uniejow, ul. Termalna 1, 99-210 Uniejow"]
[Date "1899-12-30"]
[Round "8.11"]
[White "Stanislawski, Karol"]
[Black "Kejna, Piotr"]
[Result "1/2-1/2"]
[WhiteTitle "I"]
[BlackTitle "CM"]
[WhiteElo "1621"]
[BlackElo "1682"]

1. d4 Nf6 2. c4 e5 3. dxe5 Ng4 4. Bf4 g5 5. Bg3 Bg7 6. Nf3 Nc6 7. Nc3 Ngxe5 8.
Nxe5 Nxe5 9. e3 d6 10. Be2 Be6 11. Rc1 O-O 12. Qb3 Qc8 13. Nd5 Kh8 14. Qa3 f5
15. O-O Bxd5 16. cxd5 f4 17. exf4 gxf4 18. Bh4 Ng6 19. g3 Qf5 20. Qf3 Nxh4 21.
gxh4 Rf7 22. Bd3 Qf6 23. Qh5 h6 24. Kh1 Re7 25. Rg1 Qe5 26. Qg6 Qxd5+ 27. Rg2
Qg8 28. Rcg1 Rf8 29. Qh5 Re5 30. Qg4 Re7 31. Qf3 c6 32. Qh5 Rf6 33. Rg5 Qf7 34.
Bg6 Qe6 35. Bc2 d5 36. Rg6 1/2-1/2

[Event "XXVII OOM - Mistrzostwa Polski Juniorow Mlodszych - Chlopcy do lat 14"]
[Site "ApartHotel Termy Uniejow, ul. Termalna 1, 99-210 Uniejow"]
[Date "1899-12-30"]
[Round "8.12"]
[White "Grzadka, Artur"]
[Black "Klim, Filip"]
[Result "1/2-1/2"]
[WhiteTitle "I"]
[BlackTitle "I++"]
[WhiteElo "1536"]
[BlackElo "2062"]

1. d4 d5 2. c4 e6 3. Nf3 Nf6 4. cxd5 exd5 5. Nc3 c6 6. Bg5 Be6 7. e3 Nbd7 8. Bd3
Bd6 9. O-O O-O 10. Rb1 h6 11. Bh4 Qc7 12. b4 Bg4 13. Bg3 Bxg3 14. hxg3 Rfe8 15.
Qc2 Rac8 16. Rfc1 Qd6 17. Na4 b5 18. Nc5 Nxc5 19. Qxc5 Qxc5 20. Rxc5 Nd7 21. Rc3
Bxf3 22. gxf3 Nb6 23. Rc5 Nd7 24. Rc3 Nb6 25. Ra3 Rc7 26. Rc1 Nc4 27. Ra6 Rb8
28. a4 Kf8 29. axb5 cxb5 30. Rca1 Rbb7 31. e4 Nd2 32. exd5 Nxf3+ 33. Kg2 Nxd4
34. d6 Rc6 35. Rxc6 Nxc6 36. Be4 Rb6 37. d7 Ke7 38. Bxc6 Rxc6 39. Rxa7 Kd8 40.
Rb7 Rc7 41. Rxb5 Kxd7 42. Rd5+ Ke6 43. Ra5 Rb7 44. Ra6+ Kd5 45. Ra5+ Kc4 46. Rc5+
Kxb4 47. Rc1 Kb5 48. Kf3 Kb6 49. Rc8 Rc7 50. Rg8 g6 51. g4 1/2-1/2

[Event "XXVII OOM - Mistrzostwa Polski Juniorow Mlodszych - Chlopcy do lat 14"]
[Site "ApartHotel Termy Uniejow, ul. Termalna 1, 99-210 Uniejow"]
[Date "1899-12-30"]
[Round "8.13"]
[White "Wieckowski, Michal"]
[Black "Meers, Hubert"]
[Result "0-1"]
[WhiteTitle "I"]
[BlackTitle "k"]
[WhiteElo "1614"]
[BlackElo "2037"]

1. b3 e5 2. Bb2 d6 3. e3 Nc6 4. Bb5 Bd7 5. Ne2 a6 6. Bxc6 Bxc6 7. O-O g6 8. f4
Bg7 9. Qe1 Qe7 10. a4 h5 11. Nbc3 Nf6 12. Qh4 Qe6 13. Rae1 O-O-O 14. Ng3 Ng4 15.
f5 gxf5 16. Nxf5 Bf6 17. Qh3 d5 18. d4 Rde8 19. Nd1 Rhg8 20. Qf3 e4 21. Qf4 Bg5
22. Qg3 Bd7 23. Kh1 Qf6 24. h3 Bxf5 25. hxg4 Bh4 26. Rxf5 Qd8 27. Rxd5 Bxg3 28.
Rxd8+ Kxd8 29. Rf1 hxg4 30. Nc3 Rg7 31. Ne2 Bd6 32. Rf5 g3 33. d5 Rh7+ 34. Kg1
Rg8 35. Bd4 Rg6 36. c4 Rgh6 37. Kf1 Rh1+ 38. Ng1 Bb4 39. Bf6+ Kd7 40. Re5 R7h6
41. Rf5 R1h5 42. Bg5 Rg6 43. Nh3 f6 0-1

[Event "XXVII OOM - Mistrzostwa Polski Juniorow Mlodszych - Chlopcy do lat 14"]
[Site "ApartHotel Termy Uniejow, ul. Termalna 1, 99-210 Uniejow"]
[Date "1899-12-30"]
[Round "8.14"]
[White "Krawczyk, Flawian"]
[Black "Kusiak, Mateusz"]
[Result "1-0"]
[WhiteTitle "I++"]
[BlackTitle "I+"]
[WhiteElo "1984"]
[BlackElo "1634"]

1. d4 Nf6 2. c4 c5 3. d5 e6 4. Nc3 exd5 5. cxd5 d6 6. e4 g6 7. Nf3 Bg7 8. Bd3 O-O
9. O-O a6 10. a4 Bg4 11. h3 Bxf3 12. Qxf3 Nbd7 13. Qd1 Re8 14. Re1 Rc8 15. Bf4
Ne5 16. Bh2 Qb6 17. Rb1 Nfd7 18. Bf1 c4 19. a5 Qxa5 20. f4 Nd3 21. Bxd3 cxd3 22.
Qxd3 Bxc3 23. bxc3 Rxc3 24. Qd2 Qc5+ 25. Kh1 b5 26. e5 Rc2 27. Qd3 Qf2 28. Rg1
dxe5 29. fxe5 Nxe5 30. Qe4 Rc4 31. Qe1 Qf5 32. Rf1 Qe4 33. Qxe4 Rxe4 34. Ra1 Rd8
35. Rfd1 Rd6 36. Bg1 Rc4 37. Rd2 f6 38. Ba7 Nd7 39. Re1 Kf7 40. Bg1 Nc5 41. Bh2
Rd7 42. d6 Ne4 43. Ra2 Nc5 44. Rae2 Rd4 45. Re7+ Rxe7 46. Rxe7+ Kf8 1-0

[Event "XXVII OOM - Mistrzostwa Polski Juniorow Mlodszych - Chlopcy do lat 14"]
[Site "ApartHotel Termy Uniejow, ul. Termalna 1, 99-210 Uniejow"]
[Date "1899-12-30"]
[Round "8.15"]
[White "Jaworski, Tymon"]
[Black "Kazmierowski, Tymon"]
[Result "1-0"]
[WhiteTitle "I"]
[BlackTitle "I+"]
[WhiteElo "1616"]
[BlackElo "1782"]

1. d4 Nf6 2. Nf3 g6 3. Bf4 Bg7 4. e3 d6 5. h3 O-O 6. Be2 Nfd7 7. O-O e5 8. Bh2
Qe7 9. c4 Rd8 10. Nc3 c6 11. Qc2 Nf8 12. Rfd1 Bf5 13. Bd3 Bxd3 14. Qxd3 Nbd7 15.
d5 Nc5 16. Qc2 a5 17. Nd2 f5 18. e4 f4 19. Kh1 g5 20. f3 h5 21. Bg1 Nfd7 22. Nb3
Nxb3 23. Qxb3 c5 24. Qxb7 g4 25. Bf2 Rab8 26. Qc7 Rxb2 27. Kg1 Bf6 28. Rab1 Rc2
29. Rdc1 Rxc1+ 30. Rxc1 Rb8 31. Nb5 Rb6 32. Be1 a4 33. Ba5 Rxb5 34. cxb5 gxf3
35. gxf3 Qg7+ 36. Kh1 Bh4 37. Rg1 Bg3 38. b6 Qe7 39. b7 Qh4 40. Qxd7 1-0

[Event "XXVII OOM - Mistrzostwa Polski Juniorow Mlodszych - Chlopcy do lat 14"]
[Site "ApartHotel Termy Uniejow, ul. Termalna 1, 99-210 Uniejow"]
[Date "1899-12-30"]
[Round "8.16"]
[White "Grzebieniowski, Michal"]
[Black "Trzebinski, Patryk"]
[Result "0-1"]
[WhiteTitle "I"]
[BlackTitle "I+"]
[WhiteElo "1663"]
[BlackElo "1609"]

1. d4 Nf6 2. Nf3 g6 3. c4 Bg7 4. g3 d5 5. cxd5 Nxd5 6. Bg2 O-O 7. O-O Nb6 8. Nc3
Nc6 9. d5 Nb4 10. e4 e6 11. a3 Na6 12. Bg5 Bf6 13. Bxf6 Qxf6 14. e5 Qg7 15. d6
Rd8 16. Qd3 cxd6 17. exd6 Bd7 18. Nd2 Nc5 19. Qe3 Rac8 20. Rad1 Bc6 21. Bxc6 Rxc6
22. b4 Ncd7 23. Nde4 Rdc8 24. Nb5 Ra8 25. Nc7 Rc8 26. Nc5 Nxc5 27. bxc5 Nd7 28.
Rc1 Qe5 29. Qxe5 Nxe5 30. Rfd1 Nd7 31. Kg2 Rxc5 32. Rxc5 Nxc5 33. d7 Rd8 34. Ne8
Kf8 35. Nf6 h5 36. Ne8 Rxd7 37. Nd6 Ne4 0-1

[Event "XXVII OOM - Mistrzostwa Polski Juniorow Mlodszych - Chlopcy do lat 14"]
[Site "ApartHotel Termy Uniejow, ul. Termalna 1, 99-210 Uniejow"]
[Date "1899-12-30"]
[Round "8.17"]
[White "Rylski, Tadeusz"]
[Black "Malinowski, Szymon"]
[Result "1/2-1/2"]
[WhiteTitle "I"]
[BlackTitle "I"]
[WhiteElo "1644"]
[BlackElo "1662"]

1. e4 c6 2. d4 d5 3. Nc3 dxe4 4. Nxe4 Bf5 5. Ng3 Bg6 6. h4 h6 7. h5 Bh7 8. Nf3
Nf6 9. Bd3 Bxd3 10. Qxd3 e6 11. Bf4 Qa5+ 12. Bd2 Qc7 13. O-O-O Nbd7 14. Ne4 O-O-O
15. g3 Nxe4 16. Qxe4 Nf6 17. Qe2 Bd6 18. Kb1 Rhe8 19. Ne5 Nd5 20. c4 Nb4 21. Bxb4
Bxb4 22. c5 Rd5 23. Nc4 Qd8 24. Nd6+ Rxd6 25. cxd6 Bxd6 26. f4 Qf6 27. Qe4 Rd8
28. Rd3 Bc7 29. Rhd1 Rd5 30. g4 Qxf4 31. Qxf4 Bxf4 32. Rf1 e5 33. Rdd1 f6 34.
dxe5 fxe5 35. Rxd5 cxd5 36. Rd1 d4 37. Kc2 Kd7 38. Kd3 Kd6 39. Ke4 Kc5 40. Rd3
a5 41. Rf3 b5 42. Rf2 a4 43. Rc2+ Kd6 44. Rc8 Bg5 45. Rb8 Kc6 46. Rg8 Bf6 47.
Rc8+ Kb7 48. Rg8 1/2-1/2

[Event "XXVII OOM - Mistrzostwa Polski Juniorow Mlodszych - Chlopcy do lat 14"]
[Site "ApartHotel Termy Uniejow, ul. Termalna 1, 99-210 Uniejow"]
[Date "1899-12-30"]
[Round "8.18"]
[White "Krasniewski, Maciej"]
[Black "Zieba, Hubert"]
[Result "1/2-1/2"]
[WhiteTitle "I"]
[BlackTitle "I"]
[WhiteElo "1572"]
[BlackElo "1417"]

1. d4 Nf6 2. c4 c5 3. d5 e6 4. Nc3 exd5 5. cxd5 d6 6. Bf4 g6 7. e3 a6 8. a4 Nh5
9. Bd3 Bg7 10. Nge2 O-O 11. Qc2 Nxf4 12. exf4 Nd7 13. O-O f5 14. Rfe1 Nf6 15.
Rad1 Qc7 16. Nb1 Qa5 17. Na3 Bd7 18. Nc4 Qc7 19. a5 Bb5 20. Nb6 Rad8 21. b4 Bxd3
22. Rxd3 Nd7 23. Nxd7 Rxd7 24. Rc1 Rc8 25. bxc5 dxc5 26. Qa2 Qd6 27. Qc4 Re8 28.
Kf1 Rc7 29. Rb1 Re4 30. Rb6 Qd7 31. Qc2 Bd4 32. d6 Rc6 33. Qc4+ Kf8 34. Rxc6 Qxc6
35. f3 Re8 36. Nxd4 cxd4 37. Qxc6 bxc6 38. Rxd4 Rd8 39. Rb4 Rxd6 40. Rb6 Rd1+
41. Ke2 Ra1 42. Rxa6 Ra2+ 43. Ke3 Rxg2 44. h4 Ra2 45. Kd4 Ra4+ 46. Ke5 Kg7 1/2-1/2

[Event "XXVII OOM - Mistrzostwa Polski Juniorow Mlodszych - Chlopcy do lat 14"]
[Site "ApartHotel Termy Uniejow, ul. Termalna 1, 99-210 Uniejow"]
[Date "1899-12-30"]
[Round "8.19"]
[White "Partyka, Wiktor"]
[Black "Borowik, Wojciech"]
[Result "0-1"]
[WhiteTitle "II"]
[BlackTitle "I+"]
[WhiteElo "1254"]
[BlackElo "1736"]

1. c4 Nf6 2. Nc3 g6 3. g3 Bg7 4. Bg2 d6 5. e3 e5 6. Nge2 O-O 7. O-O Nc6 8. d4 exd4
9. Nxd4 Bd7 10. Re1 Re8 11. b3 Rb8 12. Bb2 a6 13. Rb1 Nxd4 14. exd4 Rxe1+ 15.
Qxe1 b5 16. c5 Bf5 17. Rd1 d5 18. Bc1 b4 19. Ne2 Be4 20. f3 Bf5 21. Bf4 h5 22.
Nc1 Nd7 23. Qe2 g5 24. Be3 Qe7 25. Qd2 Bf6 26. f4 gxf4 27. Bxf4 Re8 28. Bxd5 Bg4
29. Rf1 Nxc5 30. dxc5 Qxc5+ 31. Kh1 Rd8 32. Be3 Rxd5 33. Qf2 Qc6 34. Kg1 Rf5 35.
Qg2 Qxg2+ 36. Kxg2 Bh3+ 37. Kxh3 Rxf1 38. Nd3 Rf3 39. Nxb4 Rxe3 40. Nxa6 Re2 0-1

[Event "XXVII OOM - Mistrzostwa Polski Juniorow Mlodszych - Chlopcy do lat 14"]
[Site "ApartHotel Termy Uniejow, ul. Termalna 1, 99-210 Uniejow"]
[Date "1899-12-30"]
[Round "8.20"]
[White "Gbiorczyk, Mikolaj"]
[Black "Ugorek, Kacper"]
[Result "1/2-1/2"]
[WhiteTitle "II"]
[BlackTitle "I"]
[WhiteElo "1467"]
[BlackElo "1569"]

1. e4 c5 2. c3 d5 3. exd5 Qxd5 4. d4 Nf6 5. Nf3 Bg4 6. Be2 e6 7. h3 Bh5 8. O-O
Nc6 9. Be3 cxd4 10. cxd4 Be7 11. Nc3 Qd6 12. Qd2 O-O 13. Rfe1 Rfd8 14. Rad1 Rac8
15. g4 Bg6 16. Bf4 Qb4 17. Be5 Nxe5 18. Nxe5 Ne4 19. Nxe4 Bxe4 20. Qf4 Bg6 21.
Nxg6 hxg6 22. Bf3 Rc4 23. b3 Rcxd4 24. Rxd4 Qxe1+ 25. Kg2 Rxd4 26. Qxd4 b6 27.
Qd3 Bc5 28. Qd8+ Bf8 29. Qd3 Qe5 30. Qe4 Qxe4 31. Bxe4 f5 32. Bd3 Kf7 33. f3 Kf6
34. Kf2 Ke5 35. Bc4 Kd6 36. Ke3 Be7 37. a4 Bg5+ 38. Kf2 Bf4 39. Bd3 Kc5 40. Bc4
e5 41. Bf7 Kb4 42. Ke2 e4 43. fxe4 fxe4 44. Bc4 Kc3 45. h4 Kd4 46. h5 gxh5 47.
gxh5 Kc3 48. Bf7 Kb4 49. Be6 a6 50. Bf7 b5 51. axb5 Kxb5 52. Bc4+ Kb6 53. Bf7
a5 54. Be6 Kb5 55. Bf7 Kb4 56. Be6 Kc3 57. Bd5 Kb4 58. Be6 Bg5 59. Bf7 Kc3 60.
Bd5 1/2-1/2

[Event "XXVII OOM - Mistrzostwa Polski Juniorow Mlodszych - Chlopcy do lat 14"]
[Site "ApartHotel Termy Uniejow, ul. Termalna 1, 99-210 Uniejow"]
[Date "1899-12-30"]
[Round "8.21"]
[White "Pieczulis, Hubert"]
[Black "Miler, Franciszek"]
[Result "1-0"]
[WhiteTitle "I"]
[BlackTitle "I"]
[WhiteElo "1445"]
[BlackElo "1517"]

1. d4 Nf6 2. c4 g6 3. Nc3 Bg7 4. e4 d6 5. f3 O-O 6. Be3 c5 7. d5 e6 8. Qd2 exd5
9. exd5 Bd7 10. O-O-O a6 11. h4 b5 12. Bd3 bxc4 13. Bxc4 Bb5 14. Be2 Nbd7 15.
Bh6 Bxh6 16. Qxh6 Nb6 17. g4 Qe7 18. h5 Na4 19. Nxb5 axb5 20. hxg6 fxg6 21. Bd3
Nxb2 22. Kxb2 Qe5+ 23. Kb1 Rxa2 24. Kxa2 Ra8+ 25. Kb3 c4+ 26. Bxc4 bxc4+ 27. Kxc4
Rc8+ 28. Kd3 Qxd5+ 29. Ke2 Re8+ 30. Kf2 Qxd1 31. Qf4 Ne4+ 32. Kg2 Qc2+ 33. Kh3
Nf2+ 34. Kh4 Nxh1 35. Nh3 Qc3 36. Ng5 Qe1+ 37. Kh3 Nf2+ 38. Kg2 Qh1+ 39. Kg3 Qg1+
40. Kh4 Re7 41. Qc4+ Kg7 42. Qd4+ Re5 43. Qa7+ 1-0

[Event "XXVII OOM - Mistrzostwa Polski Juniorow Mlodszych - Chlopcy do lat 14"]
[Site "ApartHotel Termy Uniejow, ul. Termalna 1, 99-210 Uniejow"]
[Date "1899-12-30"]
[Round "8.22"]
[White "Turowski, Maciej"]
[Black "Sniadecki, Oskar"]
[Result "1/2-1/2"]
[WhiteTitle "II"]
[BlackTitle "I"]
[WhiteElo "1447"]
[BlackElo "1488"]

1. c4 Nf6 2. Nc3 c5 3. g3 d5 4. cxd5 Nxd5 5. Bg2 e6 6. Nf3 Nc6 7. O-O Be7 8. d4
O-O 9. e4 Ndb4 10. a3 cxd4 11. Nb5 Qa5 12. Nbxd4 Nxd4 13. Nxd4 Rd8 14. Be3 Nc6
15. Nxc6 bxc6 16. Qc2 Ba6 17. b4 Qc7 18. Rfd1 Bf6 19. Rxd8+ Rxd8 20. Rd1 h6 21.
Rxd8+ Bxd8 22. Qc5 Qd7 23. Qd4 Qxd4 24. Bxd4 Bb6 25. Bxb6 axb6 26. e5 c5 27. bxc5
bxc5 28. f4 f6 29. Kf2 Kf7 30. Bf1 Bb7 31. Ke3 Ke7 32. Kd2 Kd7 33. Kc3 fxe5 34.
fxe5 Kc7 35. Bc4 Bc8 36. Bb3 Kc6 37. Kc4 Ba6+ 38. Kc3 Bc8 39. Ba2 Kb6 40. Bc4
Ka5 41. Bb3 Kb6 42. a4 Kc6 43. Kc4 1/2-1/2

[Event "XXVII OOM - Mistrzostwa Polski Juniorow Mlodszych - Chlopcy do lat 14"]
[Site "ApartHotel Termy Uniejow, ul. Termalna 1, 99-210 Uniejow"]
[Date "1899-12-30"]
[Round "8.23"]
[White "Borowik, Karol"]
[Black "Jendrowiak, Maciej"]
[Result "0-1"]
[WhiteTitle "II"]
[BlackTitle "II+"]
[WhiteElo "1370"]
[BlackElo "1472"]

1. d4 d5 2. c4 e6 3. Nc3 c5 4. Nf3 Nc6 5. Bf4 cxd4 6. Nxd4 Bc5 7. Nxc6 bxc6 8.
e3 Nf6 9. Bd3 O-O 10. O-O Re8 11. cxd5 cxd5 12. Rc1 e5 13. Bg5 Bb7 14. Bxf6 Qxf6
15. Nxd5 Bxd5 16. Rxc5 Bb7 17. Qb3 Rab8 18. Rb5 Qc6 19. f3 Qc7 20. Qa3 Red8 21.
Rc5 Qe7 22. Qc3 Rxd3 23. Rxe5 Qd7 24. Qb4 Qd6 25. Qa5 Qb6 26. Qa4 Rxe3 27. Rxe3
Qxe3+ 28. Kh1 Re8 29. Qb4 Ba6 30. Rg1 g6 31. Qa4 Bb7 32. Qd7 Re7 33. Qb5 Bxf3
34. Qb8+ Kg7 35. Rf1 Qe2 36. Rg1 Bxg2+ 37. Rxg2 Qf1+ 38. Rg1 Qf3+ 0-1

[Event "XXVII OOM - Mistrzostwa Polski Juniorow Mlodszych - Chlopcy do lat 14"]
[Site "ApartHotel Termy Uniejow, ul. Termalna 1, 99-210 Uniejow"]
[Date "1899-12-30"]
[Round "8.24"]
[White "Wasilewski, Stanislaw"]
[Black "Kubik, Rafal"]
[Result "1/2-1/2"]
[WhiteTitle "II"]
[BlackTitle "I"]
[WhiteElo "1319"]
[BlackElo "1738"]

1. Nf3 d6 2. c4 e5 3. Nc3 Nc6 4. g3 f5 5. Bg2 Nf6 6. d4 e4 7. Nd2 g6 8. Nb3 Bg7
9. Bd2 O-O 10. h4 Bd7 11. Bg5 h6 12. Bf4 Kh7 13. Qd2 Ne7 14. d5 a6 15. Nd4 b5
16. cxb5 axb5 17. Ndxb5 Bxb5 18. Nxb5 Nfxd5 19. Nd4 Qd7 20. f3 Ra4 21. Nb3 Rfa8
22. fxe4 Nxf4 23. gxf4 Rxa2 24. Rxa2 Rxa2 25. exf5 Nxf5 26. h5 Rxb2 27. hxg6+
Kxg6 28. Qd3 Qa4 29. Bh3 Bc3+ 30. Qxc3 Rxb3 31. Rg1+ Kf7 32. Qxc7+ Ne7 33. Rg7+
Kxg7 34. Qxe7+ Kg6 35. Qe6+ Kg7 36. Qe7+ 1/2-1/2